00675nam a22002177a 450000500170000001000130001702000100003003500130004003700160005304000120006908200190008110000360010024500900013624600680022626000420029430000190033665000240035565000350037965000230041465000200043720170123162337.0 aA-372433 c30.00 aA-372433 bCen Lib/Ret aDPLbUR a921bج ا ن  aآفاق حسین صدیقی  aجان نثار اختر :cآفاق حسین صدیقی bشخص اور شعار / aJan Nisar Akhatar : shakhs aur shaar /bby Afaq Husain Siddiqi  bآفاق حسین صدیقی c1987 a144pc21cm(Hb) aادب -- اردو  aاردوسونے عمری  aLiterature -- Urdu aUrdu biogaraphy